Singing softly = Cantando bajito /
Gespeichert in:
| 1. Verfasser: | |
|---|---|
| Format: | Unbekannt |
| Sprache: | English |
| Veröffentlicht: |
San Francisco :
Spinsters Aunt Lute,
1989.
|
| Ausgabe: | 1 edición |
| Schlagworte: | |
| Tags: |
Tag hinzufügen
Keine Tags, Fügen Sie den ersten Tag hinzu!
|
MARC
| LEADER | 000000000a22000000004500 | ||
|---|---|---|---|
| 001 | 013654 | ||
| 020 | |a 0993216629 | ||
| 041 | 0 | |a eng | |
| 082 | 0 | 4 | |a 813.54 |b M774c |
| 100 | 1 | |a De Monteflores, Carmen, |d 1933- | |
| 245 | 1 | 0 | |a Singing softly = |b Cantando bajito / |c Carmen De Monteflores. |
| 246 | 3 | 1 | |a Cantando bajito |
| 250 | |a 1 edición | ||
| 260 | 1 | |a San Francisco : |b Spinsters Aunt Lute, |c 1989. | |
| 300 | |a 197 páginas ; |c 22 cm. | ||
| 650 | 4 | |a PUERTO RICO | |
| 650 | 4 | |a ESTADOS UNIDOS | |
| 650 | 4 | |a FICCION | |
| 500 | |a Colección George Yúdice | ||
| 999 | |c 19571 |d 19571 | ||
| 942 | |c BK |h 813.54 M774c |2 z | ||
